| 000 | 00573nam a2200205 b 4500 | ||
|---|---|---|---|
| 001 | bimo0001994719 | ||
| 003 | OSt | ||
| 005 | 20160411111610.0 | ||
| 008 | 050103s2004 sp | ||| ||spa | ||
| 020 | _a84-670-1654-X | ||
| 040 | _cBMC | ||
| 082 | _a891.7 | ||
| 100 | 1 |
_9122 _aGogol, Nicolás _d1809-1852 |
|
| 245 | 1 | 0 |
_aTarás Bulba _b; Nochebuena _cGogol ; [traducción, Tatiana Enco de Valero] |
| 260 |
_aMadrid _bEspasa-Calpe _c2004 |
||
| 300 |
_a150 p. _c18 cm |
||
| 490 | 1 |
_aAustral _v173 |
|
| 700 |
_9187 _aEnco de Valero, Tatiana |
||
| 942 |
_2ddc _cBK _hprozim |
||
| 999 |
_c130 _d130 |
||